[Event "2nd China-USA Summit"]
[Site "Shanghai CHN"]
[Date "2002.07.11"]
[Round "1"]
[White "Wang Pin"]
[Black "Shahade,J"]
[Result "1-0"]
[WhiteElo "2475"]
[BlackElo "2341"]
[EventDate "2002.07.11"]

1. e4 c5 2. Nf3 d6 3. d4 Nf6 4. Nc3 cxd4 5. Nxd4 a6 6. Be3 e6 7. Be2 Be7 8.
O-O O-O 9. f4 Nc6 10. Kh1 Qc7 11. Qe1 Nxd4 12. Bxd4 b5 13. a3 Bb7 14. Qg3
Bc6 15. Rae1 Qb7 16. Bd3 Rad8 17. Qh3 g6 18. f5 e5 19. Be3 Nh5 20. Bh6 Rfe8
21. Qf3 Bf6 22. Nd5 Bxd5 23. exd5 Kh8 24. Be4 Rg8 25. c3 Qe7 26. g4 Nf4 27.
Bxf4 exf4 28. fxg6 fxg6 29. Bxg6 Be5 30. Bf5 Qh4 31. Re2 Rg5 32. Be6 Rf8
33. Rg2 Rg7 34. Rg3 Qe7 35. Rh3 Rg5 36. Bf5 Rg7 37. Re1 Qf6 38. Rh5 Rff7
39. Qh3 Qe7 40. Rh6 Qb7 41. Qf3 Re7 42. Rg1 Ref7 43. Be4 Qe7 44. Re6 Qf8
45. g5 Re7 46. Rxe7 Qxe7 47. h4 Rg8 48. Bf5 Qf8 49. Be6 Rg7 50. Rg4 Qe7 51.
Qe4 Qf8 52. Qf3 Qe7 53. Kg2 Qe8 54. Kh3 Qg6 55. Rg2 Qb1 56. Kh2 Qe1 57. Rf2
h6 58. Kg2 hxg5 59. Qh5+ Rh7 60. Qe8+ Kg7 61. Qg8+ 1-0

[Event "2nd China-USA Summit"]
[Site "Shanghai CHN"]
[Date "2002.07.12"]
[Round "2"]
[White "Shahade,J"]
[Black "Wang Pin"]
[Result "0-1"]
[WhiteElo "2341"]
[BlackElo "2475"]
[EventDate "2002.07.11"]

1. e4 c5 2. Nf3 d6 3. d4 Nf6 4. Nc3 cxd4 5. Nxd4 a6 6. Be3 e6 7. f3 Nc6 8.
Qd2 Be7 9. g4 Nd7 10. O-O-O O-O 11. h4 Nde5 12. Qf2 Bd7 13. Kb1 b5 14. h5
Qc7 15. g5 Nxd4 16. Bxd4 b4 17. Ne2 Rfc8 18. Rc1 Rab8 19. g6 fxg6 20. hxg6
h6 21. Ng3 b3 22. Qe3 bxc2+ 23. Ka1 Rb4 24. Bc3 Qb6 25. Qd2 Nxf3 26. Qxc2
Bf6 27. Qd1 Rxc3 0-1

[Event "2nd China-USA Summit"]
[Site "Shanghai CHN"]
[Date "2002.07.12"]
[Round "2"]
[White "Bhat,V"]
[Black "Wang Yue"]
[Result "1/2-1/2"]
[WhiteElo "2411"]
[BlackElo "2455"]
[EventDate "2002.07.11"]

1. e4 c5 2. Nf3 d6 3. Bb5+ Nd7 4. d4 Ngf6 5. O-O a6 6. Bxd7+ Nxd7 7. Nc3 e6
8. Bg5 Qc7 9. d5 e5 10. a4 g6 11. Nd2 Bg7 12. Nc4 Nb6 13. Na3 h6 14. Bh4
O-O 15. a5 Nd7 16. Be7 b5 17. axb6 Nxb6 18. Bxf8 Bxf8 19. b3 f5 20. Nc4
Nxc4 21. bxc4 Rb8 22. Qd3 Rb4 23. f3 h5 24. Na2 Ra4 25. Nc3 Rb4 26. exf5
gxf5 27. Ne2 h4 28. c3 Rb6 29. Rfb1 Kf7 30. Qe3 Rxb1+ 31. Rxb1 Kg6 32. g3
hxg3 33. hxg3 a5 34. Kf2 Qh7 35. Kg1 a4 36. Rb6 a3 37. Qxc5 a2 38. Qa3 Qh5
39. Qxa2 Qxf3 40. Rc6 Bb7 41. Rc7 Bh6 42. Rxb7 Be3+ 43. Kh2 Qf2+ 44. Kh1
1/2-1/2

[Event "2nd China-USA Summit"]
[Site "Shanghai CHN"]
[Date "2002.07.14"]
[Round "3"]
[White "Gulko,B"]
[Black "Zhang Zhong"]
[Result "1/2-1/2"]
[WhiteElo "2597"]
[BlackElo "2637"]
[EventDate "2002.07.11"]

1. Nf3 Nf6 2. c4 e6 3. Nc3 Bb4 4. g3 O-O 5. Bg2 d5 6. a3 Be7 7. d4 dxc4 8.
O-O c5 9. dxc5 Qa5 10. Qd4 Qxc5 11. Qxc5 Bxc5 12. Ne5 Nc6 13. Nxc4 Rd8 14.
b4 Bd4 15. Bb2 Nd5 16. Rfc1 Rb8 17. e3 Bxc3 18. Bxc3 Nxc3 19. Rxc3 Ne7 20.
Rac1 Kf8 21. Na5 b6 22. Nc6 Nxc6 23. Rxc6 Bd7 24. Rc7 Rdc8 25. Bb7 Rxb7 26.
Rxc8+ Bxc8 27. Rxc8+ Ke7 28. g4 Kd6 1/2-1/2

[Event "2nd China-USA Summit"]
[Site "Shanghai CHN"]
[Date "2002.07.14"]
[Round "3"]
[White "Wang Pin"]
[Black "Donaldson A.,E"]
[Result "1/2-1/2"]
[WhiteElo "2475"]
[BlackElo "2377"]
[EventDate "2002.07.11"]

1. e4 e5 2. Nf3 Nc6 3. Bb5 a6 4. Ba4 d6 5. Bxc6+ bxc6 6. d4 exd4 7. Qxd4 c5
8. Qd3 Nf6 9. O-O Be7 10. Nc3 O-O 11. Re1 Bb7 12. Bg5 Nd7 13. Bxe7 Qxe7 14.
Nd5 Bxd5 15. Qxd5 Nb6 16. Qd3 a5 17. c4 f6 18. Rac1 a4 19. Nh4 Qe5 20. Qd2
Qe6 21. Qc2 Rae8 22. f4 g6 23. f5 gxf5 24. Nxf5 Kh8 25. Ng3 Rg8 26. Rf1 Rg6
27. Rf5 Reg8 28. Kh1 Rg5 29. Rxg5 Rxg5 30. b3 axb3 31. axb3 Nd7 32. Rf1 Ne5
33. Qf2 Ng4 34. Qf3 Rg6 35. h3 Ne5 36. Qf2 Nd7 37. Qf3 Ne5 38. Qf2 Nd7 39.
Qf3 Ne5 1/2-1/2

[Event "2nd China-USA Summit"]
[Site "Shanghai CHN"]
[Date "2002.07.15"]
[Round "4"]
[White "Zhao Jun"]
[Black "Schneider,Dm"]
[Result "1/2-1/2"]
[WhiteElo "2363"]
[BlackElo "2429"]
[EventDate "2002.07.11"]

1. c4 e6 2. d4 d5 3. cxd5 exd5 4. Nc3 c6 5. Nf3 Bf5 6. Bf4 Bd6 7. Be5 f6 8.
Bg3 Qe7 9. e3 Nh6 10. Bd3 Nd7 11. O-O Bxd3 12. Qxd3 Bxg3 13. hxg3 O-O 14.
e4 dxe4 15. Nxe4 Qe6 16. Rfe1 Qd5 17. Qa3 Nf7 18. Nc3 Qd6 19. Qb3 Nb6 20.
a4 Qd7 21. a5 Nd5 22. Nd2 Ng5 23. Nxd5 cxd5 24. Qb4 Rfe8 25. Nb3 Ne4 26.
Nc5 Nxc5 27. Qxc5 a6 28. Rac1 1/2-1/2